000 00511cam a2200193 4500
008 090401t1983 xxu||||| |||| 00| 0 eng d
020 _a0851250610
035 _a(Sirsi) u929
041 _aeng
050 _a693.97
110 _aBuilding Research Establishment
245 4 _aThe structural condition of Wates prefabricated reinforced concrete houses
260 _aGarston, Watford
_bBRE
_c1983
300 _av. 26p. 30cm
350 _a5
650 _aWATES HOUSES
942 _n0
948 _c04/03/1997
999 _c85602
_d85602